000 01131nam a2200229Ia 4500
003 Ost
005 20260507075308.0
008 260507s9999||||xx |||||||||||||| ||und||
040 _cfsecg
041 _aara
082 _a330
100 _aصبحي ادريس، وائل محمد
_eمؤلف
245 0 _aالادارة الاستراتيجية :
_bالمفاهيم و العمليات /
_c وائل محمد صبحي ادريس
260 _aعمان:
_bدار وائل,
_c2011
300 _a227 صفحة؛
_bإيضاحات ؛
_c25 سم
504 _aقائمة الجداول ص.7؛قائمة الاشكال ص.8
520 _aمدخل و مفاهيم أساسية في الادارة الاستراتيجية ، التحليل البيئي و الصياغة و الخيارات الاستراتيجية و تنفيذ الاستراتيجية ، الرقابة الاستراتيجية و قضايا معاصرة في الادارة الاستراتيجية .
653 _aالادارة
653 _aالرقابة
700 _a الغالبي، طاهر محسن منصور
_eمؤلف ثانوي
942 _cكتاب
999 _c43825
_d43825